header

Immigrant community services in Chinese and Vietnamese enclaves (Record no. 26863)

MARC details
000 -LEADER
fixed length control field 01528nam a2200361 a 4500
082 04 - DEWEY DECIMAL CLASSIFICATION NUMBER
Classification number 362.84/951079461
100 1# - MAIN ENTRY--AUTHOR NAME
Personal name Tseng, Winston,
245 10 - TITLE STATEMENT
Title Immigrant community services in Chinese and Vietnamese enclaves
260 ## - PUBLICATION, DISTRIBUTION, ETC. (IMPRINT)
Place of publication New York :
Name of publisher LFB Scholarly Pub. LLC,
Year of publication 2007.
300 ## - PHYSICAL DESCRIPTION
Number of Pages xii, 304 p. :
Other physical details ill.
490 1# - SERIES STATEMENT
Series statement New Americans
650 #0 - SUBJECT ADDED ENTRY--TOPICAL TERM
Topical Term Community-based social services
Topical Term Chinese Americans
Topical Term Vietnamese Americans
Topical Term Immigrants
856 40 - ELECTRONIC LOCATION AND ACCESS
Uniform Resource Identifier http://site.ebrary.com/lib/rucke/Doc?id=10225151

No items available.

© 2026 Rongo University
Contact us: librarian | system librarian | Rongo university